000
00224nam a22000857a 4500
008
170113b xxu||||| |||| 00| 0 eng d
100
_9
2382
_a
Kishani.M.Etal.
245
_a
Science-Lab Together-VI
260
_a
New Delhi
_b
Rachna
_c
2010
999
_c
5381
_d
5381